000 00857cam a2200253 i 4500
003 SA-RiAUC
005 20241202135424.0
008 241130s1986 le g 00000 ara c
040 _aSA-RiAUC
_bara
_cSA-RiAUC
_erda
082 0 4 _a252.5
090 _a252.5
_bا ي و
100 1 _aأيوب، حسن،
_d1918-2008
_eمؤلف.
245 1 0 _aفقه العبادات :
_bالحج /
_cحسن أيوب.
250 _aالطبعة الثانية.
264 1 _aبيروت :
_bدار الندوة الجديدة،
_c1986
300 _a263 صفحة ؛
_c24 سم
336 _aنص
_btxt
_2rdacontent
_3كتاب
337 _aبدون وسيط
_bn
_2rdamedia
338 _aمجلد
_bnc
_2rdacarrier
650 7 _aالحج
_2aucsh
650 7 _aالعبادات (فقه إسلامي)
_2aucsh
942 _2ddc
_cBOOK
_n0
949 _aSA-JeALM
_d241130
_umohamedma123
_n1
999 _c2942
_d2942